Feeding the future (Record no. 49784)

MARC details
000 -LEADER
fixed length control field 00569nam a22001817a 4500
008 - FIXED-LENGTH DATA ELEMENTS--GENERAL INFORMATION
fixed length control field 111012t xxu||||| |||| 00| 0 eng d
020 ## - INTERNATIONAL STANDARD BOOK NUMBER
International Standard Book Number 0-88784-186-4
040 ## - CATALOGING SOURCE
Original cataloging agency BUAC
Transcribing agency CDIRSP
041 ## - LANGUAGE CODE
Language code of text/sound track or separate title En
100 ## - MAIN ENTRY--PERSONAL NAME
Personal name HEINTZMAN Andew
9 (RLIN) 19553
245 ## - TITLE STATEMENT
Title Feeding the future
Statement of responsibility, etc / Andew HEINTZMAN, Evan SOLOMON
Remainder of title : from fat to famine how to solve the world's food crises
260 ## - PUBLICATION, DISTRIBUTION, ETC. (IMPRINT)
Place of publication, distribution, etc Canada
Name of publisher, distributor, etc ANANSI,
Date of publication, distribution, etc 2004
300 ## - PHYSICAL DESCRIPTION
Extent 317 p.
650 ## - SUBJECT ADDED ENTRY--TOPICAL TERM
Topical term or geographic name as entry element Approvisionnement en nourriture
9 (RLIN) 19554
653 ## - INDEX TERM--UNCONTROLLED
Uncontrolled term Famine
-- Prévention
700 ## - ADDED ENTRY--PERSONAL NAME
Personal name SOLOMON,Evan
9 (RLIN) 19555
942 ## - ADDED ENTRY ELEMENTS (KOHA)
Item type Livre
Holdings
Withdrawn status Lost status Damaged status Not for loan Location (home branch) Sublocation or collection (holding branch) Date acquired Source of acquisition Koha issues (times borrowed) Koha date last seen Price effective from Koha item type
        Centre de Documentation et d'Information de l'Institut Regional Santé Publique Centre de Documentation et d'Information de l'Institut Regional Santé Publique 12/10/2011 Don   12/10/2011 12/10/2011 Livre exclu du prêt


© 2008, Bibliothèques de l'Université d'Abomey-Calavi

04 BP 789 Cotonou, Tél. : +229 21 36 01 01, Fax : +229 21 35 06 32

Courriel : bu@bu.uac.bj